Az ápoló hallgatók elsősegélynyújtási ismeretei
Elmentve itt :
| Szerző: | |
|---|---|
| További közreműködők: | |
| Dokumentumtípus: | Szakdolgozat |
| Megjelent: |
2015
|
| Tárgyszavak: | |
| Online Access: | http://diploma.bibl.u-szeged.hu/95091 |
| LEADER | 00603nta a2200169 i 4500 | ||
|---|---|---|---|
| 001 | dipl95091 | ||
| 005 | 20201123132039.0 | ||
| 008 | 201123s2015 hu om 0|| zxx d | ||
| 040 | |a SZTE Diploma Repozitórium |b hun | ||
| 041 | |a zxx | ||
| 100 | 1 | |a Bényi Debóra Rózsa | |
| 245 | 1 | 3 | |a Az ápoló hallgatók elsősegélynyújtási ismeretei |h [elektronikus dokumentum] / |c Debóra Rózsa Bényi |
| 260 | |c 2015 | ||
| 650 | 4 | |a Orvos- és egészségtudományok | |
| 650 | 4 | |a Health sciences | |
| 700 | 1 | |a Papp Anita Tímea |e ths | |
| 856 | 4 | 0 | |u http://diploma.bibl.u-szeged.hu/id/eprint/95091/1/etszk_0158.pdf |z Dokumentum-elérés |